College Algebra / (Record no. 357)

MARC details
000 -LEADER
fixed length control field 00571nam a22001937a 4500
005 - DATE AND TIME OF LATEST TRANSACTION
control field 20230606073817.0
008 - FIXED-LENGTH DATA ELEMENTS--GENERAL INFORMATION
fixed length control field 230606b |||||||| |||| 00| 0 eng d
020 ## - INTERNATIONAL STANDARD BOOK NUMBER
International Standard Book Number 9780321568977
040 ## - CATALOGING SOURCE
Original cataloging agency KMU
Transcribing agency KMU
050 ## - LIBRARY OF CONGRESS CALL NUMBER
Classification number QA 154 Bli
100 ## - MAIN ENTRY--PERSONAL NAME
Personal name Blitzer, Robert
245 ## - TITLE STATEMENT
Title College Algebra /
Statement of responsibility, etc. By Robert Blitzer
250 ## - EDITION STATEMENT
Edition statement Instructor's Edition
260 ## - PUBLICATION, DISTRIBUTION, ETC.
Place of publication, distribution, etc. New Jersey :
Name of publisher, distributor, etc. Pearson Prentice Hall ,
Date of publication, distribution, etc. 2010 .
300 ## - PHYSICAL DESCRIPTION
Extent xvii, 752 pages ;
Other physical details Illustrations :
Dimensions 28 cm.
500 ## - GENERAL NOTE
General note Includes an index
650 ## - SUBJECT ADDED ENTRY--TOPICAL TERM
Source of heading or term Oclc
Topical term or geographic name entry element Algebra
942 ## - ADDED ENTRY ELEMENTS (KOHA)
Source of classification or shelving scheme Library of Congress Classification
Koha item type Non-Fiction
Edition Instructor's Edition
Suppress in OPAC No
Holdings
Withdrawn status Lost status Source of classification or shelving scheme Damaged status Not for loan Collection Home library Current library Shelving location Date acquired Source of acquisition Total Checkouts Total Renewals Full call number Barcode Date last seen Date last checked out Price effective from Koha item type
    Library of Congress Classification     Non-fiction Kapasa Makasa University Kapasa Makasa University Open Access 06.06.2023 DOC MWALE 1 1 QA 154 Bli 300125 25.06.2025 06.06.2023 06.06.2023 Non-Fiction
    Library of Congress Classification     Non-fiction Kapasa Makasa University Kapasa Makasa University Open Access 06.06.2023 DOC MWALE 1   QA 154 Bli 300124 21.07.2025 01.07.2025 06.06.2023 Non-Fiction
    Library of Congress Classification     Non-fiction Kapasa Makasa University Kapasa Makasa University Open Access 06.06.2023 DOC MWALE 1   QA 154 Bli 300123 24.05.2024 09.05.2024 06.06.2023 Non-Fiction